000 01470cam a2200253 a 4500
005 20110812125223.0
010 _aB-428549-551
020 _a9788184951387
_c195.00
035 _aB-428549-551
037 _bResearchco Book Centre
082 0 0 _a070.92
100 1 _aMoret, Jim.
_932908
245 1 4 _aThe last day of my life /
_cJim Moret.
260 _aMumbai :
_bJaico Books,
_c2011.
300 _a152 p. ;
_c22 cm. (Pbk)
600 1 0 _aMoret, Jim.
_932909
650 0 _aTelevision journalists
_zUnited States
_vBiography.
_932910
942 _2ddc
_cEN
_h070.92
_mMOR
999 _c55362
_d55362